| 000 | 00526nam a2200217Ia 4500 | ||
|---|---|---|---|
| 003 | 0100 | ||
| 008 | 130307s9999 xx 000 0 und d | ||
| 020 | _a0819903728 (pbk.) : | ||
| 040 | _cARRUPELIB | ||
| 050 | _aJC571.O83 1981 | ||
| 100 | _aO'Rourke, Edward W | ||
| 245 | _aRoots of human rights | ||
| 260 | _aChicago, Ill. : | ||
| 260 | _bFranciscan Herald Press | ||
| 260 | _c1981. | ||
| 300 | _a117 p. | ||
| 300 | _b18 cm. | ||
| 440 | _aSynthesis series | ||
| 650 | _bCatholic Church--Sacraments | ||
| 942 | 0 | 0 | _02 |
| 999 |
_c99822 _d99822 |
||